000 00858cab a2200301 4500
001 ABS52758
008 090401t1995 xxu||||| |||| 00| 0 eng d
035 _a(Sirsi) u94012
041 _aeng
110 _aSwedish Chamber of Commerce for the UK
_92726
245 _aSwedish real estate
260 _c1995
350 _a0
490 _aSweden Today
_v15(1) March 1995, 1-15 (LOAN)
520 _aA business newsletter chiefly devoted to the property market and issues in Sweden.
650 _aFOREIGN INVESTMENT
650 _aLOCAL AUTHORITIES
650 _aNORDBANKEN
650 _aORESUND LINK
650 _aPROPERTY MARKET
650 _aRAILWAYS
650 _aSWEDEN
650 _aSWEDISH RAIL
690 _aPROPERTY-COMMERCIAL PROPERTY-COMMERCIAL PROPERTY MARKET
690 _aOVERSEAS-EUROPE
942 _n0
948 _c04/03/1997
999 _c59568
_d59568